[Event "C.to Provinciale BI-VC"]
[Site "Santhia' ITA"]
[Date "2011.03.04"]
[Round "1"]
[White "Avetta, Gianmario"]
[Black "Siclari, Giovanni"]
[Result "0-1"]
[WhiteElo "1733"]
[BlackElo "1902"]
[PlyCount "62"]
[EventDate "2011.03.04"]

1. d4 f5 2. g3 Nf6 3. Bg2 g6 4. e3 Bg7 5. c3 O-O 6. Nd2 d6 7. Ne2 Qe8 8. Qb3+
Qf7 9. O-O c6 10. Re1 Nbd7 11. Qxf7+ Kxf7 12. e4 Nb6 13. f4 fxe4 14. Nxe4 Bf5
15. Ng5+ Kg8 16. Kf1 h6 17. Nf3 Rae8 18. h3 Nfd7 19. Neg1 e5 20. Ne2 Bd3 21.
Kf2 Nd5 22. Bd2 e4 23. Nc1 exf3 24. Nxd3 fxg2 25. Kxg2 N7f6 26. Kf3 Kf7 27. g4
Rxe1 28. Rxe1 Re8 29. g5 Rxe1 30. gxf6 Rd1 31. fxg7 Rxd2 0-1

[Event "C.to Provinciale BI-VC"]
[Site "Santhia' ITA"]
[Date "2011.03.04"]
[Round "1"]
[White "Bardone, Lorenzo"]
[Black "Posadinu, Mauro"]
[Result "1-0"]
[WhiteElo "1789"]
[BlackElo "1413"]
[PlyCount "55"]
[EventDate "2011.03.04"]

1. e4 c6 2. d4 d5 3. e5 Bf5 4. Nf3 h6 5. Be2 e6 6. O-O Ne7 7. Be3 Bh7 8. Nbd2
Nf5 9. c4 Be7 10. Qb3 Qc7 11. cxd5 exd5 12. Rac1 O-O 13. Qxd5 Nxe3 14. fxe3 Nd7
15. Qb3 Kh8 16. Bc4 Bg6 17. e6 fxe6 18. Bxe6 Bf6 19. Nc4 Be4 20. Bxd7 Bxf3 21.
Rxf3 Qxd7 22. Rcf1 Rae8 23. Ne5 Rxe5 24. dxe5 Qd2 25. exf6 gxf6 26. Qc3 Qe2 27.
Rxf6 Rg8 28. Rxh6# 1-0

[Event "C.to Provinciale BI-VC"]
[Site "Santhia' ITA"]
[Date "2011.03.04"]
[Round "1"]
[White "Borghi, Dario"]
[Black "Isoardi, Luigi"]
[Result "0-1"]
[WhiteElo "1404"]
[BlackElo "1762"]
[PlyCount "66"]
[EventDate "2011.03.04"]

1. e4 c6 2. Nc3 d5 3. exd5 cxd5 4. d4 Nf6 5. h3 Bf5 6. Nf3 e6 7. a3 Bd6 8. Bd3
Bxd3 9. Qxd3 O-O 10. O-O Nc6 11. Qe2 a6 12. Ne5 Nxd4 13. Qd3 Bxe5 14. Ne2 Nxe2+
15. Qxe2 Qc7 16. g3 Rac8 17. c3 Ne4 18. Qg4 Bxg3 19. Bh6 Be5 20. f4 f5 21. Qg2
Rf6 22. Bg5 Rg6 23. h4 Bf6 24. h5 Rxg5 25. fxg5 Nxg5 26. a4 d4 27. cxd4 Bxd4+
28. Kh1 Qc6 29. Qxc6 Rxc6 30. Rfd1 e5 31. Kg2 Rc2+ 32. Kg3 Ne4+ 33. Kf3 Rf2#
0-1

[Event "C.to Provinciale BI-VC"]
[Site "Santhia' ITA"]
[Date "2011.03.04"]
[Round "1"]
[White "Caldi, Mario"]
[Black "Tibaldeschi, Attilio"]
[Result "1/2-1/2"]
[WhiteElo "1862"]
[BlackElo "1726"]
[PlyCount "160"]
[EventDate "2011.03.04"]

1. e4 e5 2. Nf3 Nc6 3. Bb5 d6 4. d4 exd4 5. Nxd4 Bd7 6. Nxc6 bxc6 7. Bc4 Nf6 8.
O-O Be7 9. Bd3 O-O 10. Nc3 Be6 11. Qe2 Nd7 12. f4 f6 13. Be3 Bf7 14. Bc4 Nb6
15. Bxf7+ Rxf7 16. f5 a5 17. Rad1 Qe8 18. Qd3 Nd7 19. Ne2 Ne5 20. Qc3 d5 21.
Nf4 Bb4 22. Qd4 Ng4 23. Ne6 Bd6 24. Bf4 Be5 25. Bxe5 fxe5 26. Qd3 Nf6 27. Qg3
Nxe4 28. Qxe5 Qe7 29. c4 Nf6 30. cxd5 cxd5 31. Rc1 Rc8 32. Rc6 h6 33. Rfc1 Ne8
34. Qxd5 Qf6 35. Nxg7 Qxb2 36. Nxe8 Rxe8 37. Rxc7 Qf6 38. Qxf7+ Qxf7 39. Rxf7
Kxf7 40. Rc4 Ra8 41. a4 Kf6 42. g4 Kg5 43. h3 h5 44. Rc6 hxg4 45. Rg6+ Kxf5 46.
Rxg4 Rb8 47. Rh4 Rb1+ 48. Kf2 Rb2+ 49. Ke3 Rb3+ 50. Kd2 Kg5 51. Kc2 Ra3 52. Rc4
Rxh3 53. Rc5+ Kf6 54. Rxa5 Ke6 55. Rc5 Kd6 56. Rc4 Rg3 57. Kb2 Rh3 58. a5 Rh5
59. Ra4 Rb5+ 60. Kc3 Rb8 61. Rc4 Kd5 62. Rc7 Kd6 63. Rh7 Kc6 64. Kc4 Ra8 65.
Kb4 Rb8+ 66. Ka4 Ra8 67. Rh6+ Kb7 68. Kb5 Rb8 69. Rh7+ Ka8+ 70. Kc6 Rc8+ 71.
Kb6 Rb8+ 72. Ka6 Rg8 73. Rh6 Rf8 74. Kb6 Rb8+ 75. Kc7 Rb7+ 76. Kc6 Rb8 77. a6
Rc8+ 78. Kb6 Rb8+ 79. Kc7 Rb1 80. Rh5 Ka7 1/2-1/2

[Event "C.to Provinciale BI-VC"]
[Site "Santhia' ITA"]
[Date "2011.03.04"]
[Round "1"]
[White "Penna, Tommaso"]
[Black "Redamante, Marzio"]
[Result "1-0"]
[WhiteElo "1810"]
[BlackElo "1497"]
[PlyCount "77"]
[EventDate "2011.03.04"]

1. d4 d5 2. c4 e6 3. Nc3 Nf6 4. cxd5 exd5 5. Bg5 Be7 6. e3 Be6 7. Bd3 b6 8.
Nge2 O-O 9. O-O c5 10. Rc1 c4 11. Bb1 Qc7 12. b3 a6 13. Qc2 g6 14. Nf4 Bf5 15.
Qb2 Be6 16. Bxf6 Bxf6 17. Ncxd5 Bxd5 18. Nxd5 Qd6 19. bxc4 Bg7 20. Qxb6 Qxb6
21. Nxb6 Ra7 22. Rfd1 Nc6 23. d5 Ne5 24. c5 Rb8 25. d6 Bf6 26. Nd5 Bd8 27. c6
Nxc6 28. Rxc6 Rab7 29. Rcc1 Rb2 30. g3 g5 31. Ne7+ Kg7 32. Nc6 Rc8 33. Bf5 Ra8
34. Nxd8 Rxd8 35. d7 Kf6 36. Rc8 Rb8 37. Rxb8 Rxb8 38. d8=Q+ Rxd8 39. Rxd8 1-0

[Event "C.to Provinciale BI-VC"]
[Site "Santhia' ITA"]
[Date "2011.03.04"]
[Round "1"]
[White "Saviano, Sabato"]
[Black "Migliorini, Matteo"]
[Result "1/2-1/2"]
[WhiteElo "1683"]
[BlackElo "1855"]
[PlyCount "68"]
[EventDate "2011.03.04"]

1. d4 d5 2. c4 e5 3. dxe5 d4 4. e3 Bb4+ 5. Bd2 dxe3 6. fxe3 Qh4+ 7. g3 Qe4 8.
Nf3 Bg4 9. Be2 Bxd2+ 10. Nbxd2 Qxe3 11. Qb3 Qxb3 12. Nxb3 Nc6 13. O-O-O Nge7
14. h3 Bxf3 15. Bxf3 Nxe5 16. Bxb7 Rb8 17. Ba6 O-O 18. c5 N7c6 19. Kb1 Rfd8 20.
Be2 Nb4 21. Rxd8+ Rxd8 22. Rd1 Rxd1+ 23. Bxd1 Nbd3 24. Be2 f5 25. Nd4 f4 26.
gxf4 Nxf4 27. Bf1 Ned3 28. Nb5 Nxc5 29. Nxc7 g5 30. b4 Ncd3 31. b5 h5 32. a4
Nc5 33. a5 Nd7 34. b6 Nxb6 1/2-1/2

[Event "C.to Provinciale BI-VC"]
[Site "Santhia' ITA"]
[Date "2011.03.04"]
[Round "1"]
[White "Siclari, Alberto"]
[Black "Scarrone, Alberto"]
[Result "1/2-1/2"]
[WhiteElo "1524"]
[BlackElo "1811"]
[PlyCount "105"]
[EventDate "2011.03.04"]

1. f4 d5 2. Nf3 Nf6 3. d3 c5 4. g3 Nc6 5. Bg2 Bg4 6. h3 Bd7 7. c3 e6 8. O-O Bd6
9. Qe1 d4 10. e4 dxe3 11. Bxe3 O-O 12. Na3 Re8 13. Nc4 Bf8 14. Nce5 Nd5 15. Bf2
Bd6 16. Nxd7 Qxd7 17. Ne5 Bxe5 18. fxe5 Qc7 19. d4 cxd4 20. cxd4 Ncb4 21. Qd2
Qc2 22. Qxc2 Nxc2 23. Rac1 Rac8 24. Be4 Nce3 25. Bxe3 Nxe3 26. Rfe1 Nd5 27. a3
Kf8 28. Kf2 Ke7 29. Ke2 b6 30. Rf1 Red8 31. Kd2 Nc7 32. Ke3 Nb5 33. Rxc8 Rxc8
34. h4 h5 35. Bd3 Nc7 36. Ke4 Nd5 37. Kf3 g6 38. Be4 Rc7 39. Ke2 Rc8 40. Kd2
Rc4 41. Kd3 Rc8 42. Bxd5 exd5 43. Rf6 Rc1 44. Rf3 Rb1 45. Kc2 Rg1 46. Kc3 Rg2
47. b3 Ra2 48. a4 Rg2 49. Kb4 Rd2 50. Kc3 Re2 51. Kb4 Re4 52. Kc3 Rg4 53. Kd3
1/2-1/2

[Event "C.to Provinciale BI-VC"]
[Site "Santhia' ITA"]
[Date "2011.03.04"]
[Round "1"]
[White "Ubezio, Marco"]
[Black "Costantino, Gian Franco"]
[Result "1-0"]
[WhiteElo "2131"]
[BlackElo "1741"]
[PlyCount "131"]
[EventDate "2011.03.04"]

1. d4 Nf6 2. Bg5 d5 3. e3 h6 4. Bxf6 exf6 5. Bd3 Bd6 6. Qf3 c6 7. Nd2 Qb6 8.
Rb1 Be6 9. Ne2 Nd7 10. Nf4 O-O-O 11. b4 g5 12. Nxe6 fxe6 13. a4 f5 14. a5 Qc7
15. c4 g4 16. Qe2 e5 17. cxd5 exd4 18. dxc6 bxc6 19. Ba6+ Kb8 20. b5 c5 21. b6
axb6 22. axb6 Qc6 23. O-O Ne5 24. exd4 cxd4 25. Rfc1 Qd5 26. b7 Bc7 27. Rb5 Qd6
28. Rxc7 Qxc7 29. Qxe5 Qxe5 30. Rxe5 Rhe8 31. Rc5 Ka7 32. Rc8 Kxa6 33. b8=Q
Rxc8 34. Qd6+ Kb7 35. g3 Re1+ 36. Kg2 Rcc1 37. Qd7+ Ka6 38. Qa4+ Kb7 39. Qb5+
Kc7 40. f3 Red1 41. Qd3 Rg1+ 42. Kf2 Rh1 43. Qxd4 Rxh2+ 44. Ke3 Rd1 45. Qc5+
Kd8 46. Qf8+ Kc7 47. Qe7+ Kc6 48. Qe6+ Kc7 49. Qc4+ Kd6 50. Qb4+ Kc7 51. Nc4
Rd7 52. Qb6+ Kc8 53. Nd6+ Rxd6 54. Qxd6 gxf3 55. Kxf3 Rh5 56. Qg6 Rh1 57. Qxf5+
Kd8 58. Kg4 h5+ 59. Qxh5 Rxh5 60. Kxh5 Ke8 61. Kh6 Kf8 62. g4 Kg8 63. g5 Kh8
64. g6 Kg8 65. g7 Kf7 66. Kh7 1-0

[Event "C.to Provinciale BI-VC"]
[Site "Santhia' ITA"]
[Date "2011.03.04"]
[Round "1"]
[White "Zannoni, Gianni"]
[Black "Giordanetti, Giuseppe"]
[Result "1/2-1/2"]
[WhiteElo "1815"]
[BlackElo "1544"]
[PlyCount "124"]
[EventDate "2011.03.04"]

1. d4 Nf6 2. Nf3 b6 3. g3 Bb7 4. Bg2 e6 5. O-O c5 6. e3 Be7 7. c4 O-O 8. Nc3 d6
9. b3 Nbd7 10. Bb2 Rb8 11. Qc2 a6 12. Rfd1 cxd4 13. Nxd4 Bxg2 14. Kxg2 Qc7 15.
f3 Rfc8 16. Rd2 Qb7 17. e4 d5 18. exd5 exd5 19. Nf5 Bf8 20. Ne3 dxc4 21. bxc4
Qc6 22. Qf5 g6 23. Qf4 Nh5 24. Qe4 Qxe4 25. Nxe4 Nc5 26. Nf2 Bg7 27. Rad1 Bxb2
28. Rxb2 Na4 29. Rbd2 Nf6 30. Rd6 Kg7 31. R1d4 Nc5 32. h4 h5 33. g4 Re8 34. Nd5
Nxd5 35. R4xd5 hxg4 36. fxg4 Ne4 37. Rc6 Nc5 38. Rdd6 Re6 39. Rxe6 Nxe6 40. Ne4
Nd4 41. Rc7 Ne6 42. Rc6 Nd4 43. Rd6 Ne6 44. Nc3 Nc5 45. Rc6 Nd3 46. Nd5 b5 47.
Rxa6 bxc4 48. Rc6 Ne5 49. Rc5 Nxg4 50. Rxc4 Rb2+ 51. Kg3 Ne5 52. Re4 Nd7 53. a4
Rb3+ 54. Re3 Rxe3+ 55. Nxe3 Nc5 56. a5 Na6 57. Nd5 f6 58. Kf4 Kf7 59. Ne3 Ke6
60. Nf1 Kd6 61. Ng3 Kc6 62. Ne4 g5+ 1/2-1/2

[Event "C.to Provinciale BI-VC"]
[Site "Santhia' ITA"]
[Date "2011.03.11"]
[Round "2"]
[White "Costantino, Gian Franco"]
[Black "Bozio, Stefano"]
[Result "1-0"]
[WhiteElo "1741"]
[BlackElo "1458"]
[PlyCount "47"]
[EventDate "2011.03.04"]

1. f4 d5 2. Nf3 Nc6 3. g3 e6 4. Bg2 Nf6 5. O-O Bd6 6. h3 O-O 7. d3 e5 8. e3 Re8
9. Nc3 Bd7 10. Nb5 Bf8 11. Bd2 a6 12. Nc3 exf4 13. exf4 Bc5+ 14. Kh2 Ne7 15. d4
Bd6 16. Ne5 Bxe5 17. fxe5 Ne4 18. Nxe4 dxe4 19. Bxe4 Bb5 20. Rf4 h6 21. Qf3 g5
22. Rxf7 Qxd4 23. Bh7+ Kh8 24. Qf6# 1-0

[Event "C.to Provinciale BI-VC"]
[Site "Santhia' ITA"]
[Date "2011.03.11"]
[Round "2"]
[White "Giordanetti, Giuseppe"]
[Black "Avetta, Gianmario"]
[Result "0-1"]
[WhiteElo "1544"]
[BlackElo "1733"]
[PlyCount "98"]
[EventDate "2011.03.04"]

1. Nf3 d5 2. c4 c6 3. b3 Bg4 4. e3 Nf6 5. Bb2 e6 6. Be2 dxc4 7. bxc4 Nbd7 8.
O-O Be7 9. h3 Bh5 10. Nc3 Qc7 11. Qc2 O-O 12. d4 Nb6 13. c5 Nbd5 14. a3 b6 15.
Nxd5 exd5 16. Ne5 bxc5 17. Bxh5 Nxh5 18. dxc5 Bf6 19. Nf3 Bxb2 20. Qxb2 Rab8
21. Qe5 Qxe5 22. Nxe5 Rfc8 23. Rab1 Rb5 24. Rxb5 cxb5 25. Rc1 g6 26. c6 Nf6 27.
f3 Kf8 28. g4 Ke7 29. g5 Ne8 30. Rd1 Ke6 31. f4 Nd6 32. Rc1 Nc4 33. Rc3 Nxe5
34. fxe5 Kxe5 35. Kf2 Kd6 36. c7 Rxc7 37. Rd3 Rc4 38. Kf3 Ke5 39. Kg3 a5 40.
Rb3 b4 41. axb4 axb4 42. Kf3 Kd6 43. Rd3 Kc5 44. Rd1 b3 45. Rd3 b2 46. Rb3 Rb4
47. Rc3+ Kd6 48. Ra3 b1=Q 49. Ra6+ Rb6 0-1

[Event "C.to Provinciale BI-VC"]
[Site "Santhia' ITA"]
[Date "2011.03.11"]
[Round "2"]
[White "Isoardi, Luigi"]
[Black "Caldi, Mario"]
[Result "1/2-1/2"]
[WhiteElo "1762"]
[BlackElo "1862"]
[PlyCount "143"]
[EventDate "2011.03.04"]

1. d4 Nf6 2. Nf3 g6 3. Bf4 d6 4. h3 Bg7 5. e3 O-O 6. Be2 c5 7. c3 Nbd7 8. O-O
b6 9. Nbd2 Bb7 10. Qb3 h6 11. Rad1 Qc7 12. Ne1 Rab8 13. Qc2 cxd4 14. exd4 Rbc8
15. Bf3 Ba6 16. Nd3 e5 17. dxe5 dxe5 18. Bh2 Nh7 19. Rfe1 Ng5 20. Bg4 f5 21.
Bf3 Nxf3+ 22. Nxf3 Rfe8 23. Nb4 Bb7 24. Nh4 Kh7 25. Nxf5 a5 26. Nxg7 axb4 27.
Nxe8 Rxe8 28. Qd3 Re7 29. Qd6 Qxd6 30. Rxd6 bxc3 31. bxc3 Kg7 32. Red1 Bc8 33.
Rc6 Ba6 34. Rc7 Bb5 35. c4 Ba4 36. Bxe5+ Rxe5 37. Rcxd7+ Bxd7 38. Rxd7+ Kf8 39.
Rd6 b5 40. cxb5 Rxb5 41. Rxg6 h5 42. Rh6 Kg7 43. Ra6 Rb1+ 44. Kh2 Rb2 45. f3 h4
46. Ra4 Kg6 47. Rxh4 Rxa2 48. Rg4+ Kh5 49. Kg3 Ra3 50. h4 Ra2 51. Rg5+ Kh6 52.
f4 Rb2 53. h5 Rc2 54. Kh3 Rf2 55. g3 Rf1 56. Kg4 Rb1 57. Rg6+ Kh7 58. Kg5 Rb5+
59. f5 Rc5 60. h6 Rb5 61. Rg7+ Kh8 62. g4 Rxf5+ 63. Kh4 Rh5+ 64. Kg3 Rxh6 65.
Ra7 Rb6 66. Kf4 Kg8 67. Kf5 Rc6 68. g5 Rb6 69. g6 Rb1 70. Kf6 Rf1+ 71. Ke7 Re1+
72. Kd6 1/2-1/2

[Event "C.to Provinciale BI-VC"]
[Site "Santhia' ITA"]
[Date "2011.03.11"]
[Round "2"]
[White "Migliorini, Matteo"]
[Black "Siclari, Alberto"]
[Result "1-0"]
[WhiteElo "1855"]
[BlackElo "1524"]
[PlyCount "77"]
[EventDate "2011.03.04"]

1. e4 c5 2. Nf3 e6 3. Qe2 Nc6 4. g3 g6 5. Bg2 Bg7 6. O-O Nge7 7. d3 O-O 8. c3
e5 9. Be3 d6 10. Nbd2 f5 11. Nc4 b5 12. Na3 f4 13. Bd2 a6 14. b4 cxb4 15. cxb4
Bg4 16. Bc3 Qd7 17. Nc2 Rf7 18. h3 Bxf3 19. Bxf3 fxg3 20. Bg4 gxf2+ 21. Kg2 Qa7
22. Be6 Nd8 23. Bxf7+ Nxf7 24. Qxf2 Qxf2+ 25. Rxf2 Rc8 26. Bb2 g5 27. Ne3 Ng6
28. Nd5 Nd8 29. Rc1 Rxc1 30. Bxc1 Ne6 31. Rc2 Nd4 32. Rc8+ Kf7 33. Bxg5 h6 34.
Be3 Ke6 35. Bxd4 exd4 36. Re8+ Kf7 37. Ra8 Ne5 38. Ra7+ Kg6 39. Nf4+ 1-0

[Event "C.to Provinciale BI-VC"]
[Site "Santhia' ITA"]
[Date "2011.03.11"]
[Round "2"]
[White "Posadinu, Mauro"]
[Black "Lavino, Stefano"]
[Result "0-1"]
[WhiteElo "1413"]
[BlackElo "1715"]
[PlyCount "85"]
[EventDate "2011.03.04"]

1. d4 Nf6 2. Nf3 d5 3. e3 c5 4. c3 Nc6 5. Nbd2 e6 6. Bd3 Be7 7. O-O O-O 8. Ne5
Bd7 9. e4 cxd4 10. Nxd7 Qxd7 11. exd5 exd5 12. cxd4 Nxd4 13. b3 Rac8 14. Bb2
Nc6 15. Qf3 Qd6 16. Qh3 g6 17. Rac1 Nh5 18. Bb1 Bf6 19. Bxf6 Nxf6 20. Rfd1 Qb4
21. Qf3 Kg7 22. Nf1 Rfe8 23. Ne3 Nd4 24. Rxd4 Rxc1+ 25. Rd1 Rxd1+ 26. Qxd1 d4
27. Nf1 Qc3 28. Bd3 Nd5 29. Bc4 Nf6 30. h3 a6 31. a4 Nd7 32. Kh2 Nc5 33. Ng3 f5
34. Ne2 Qb2 35. Nxd4 Qxf2 36. Ne6+ Rxe6 37. Bxe6 Nxe6 38. Qd7+ Kf6 39. Qxh7
Qf4+ 40. Kh1 Qf1+ 41. Kh2 Nf4 42. Qxb7 Kg5 43. b4 0-1

[Event "C.to Provinciale BI-VC"]
[Site "Santhia' ITA"]
[Date "2011.03.11"]
[Round "2"]
[White "Redamante, Marzio"]
[Black "Borghi, Dario"]
[Result "1-0"]
[WhiteElo "1497"]
[BlackElo "1404"]
[PlyCount "131"]
[EventDate "2011.03.04"]

1. d4 d5 2. Nf3 Nc6 3. e3 Bg4 4. c4 e6 5. a3 Nf6 6. c5 a6 7. Be2 b6 8. b4 g6 9.
Qc2 Qd7 10. O-O Bh6 11. Nc3 O-O 12. Bb2 Ne4 13. h3 Bxf3 14. Bxf3 Nxc3 15. Qxc3
b5 16. e4 a5 17. bxa5 Nxa5 18. exd5 exd5 19. Bg4 Qd8 20. c6 Qf6 21. Rfe1 Nc4
22. Bc1 Bxc1 23. Raxc1 Rxa3 24. Qb4 Ra2 25. Re2 Rxe2 26. Bxe2 Qxc6 27. Qc3 Re8
28. Qf3 Qe6 29. Bd3 b4 30. Bc2 Nd2 31. Qd1 Qe2 32. Qxe2 Rxe2 33. Bd3 Re8 34.
Rxc7 Rd8 35. Rb7 b3 36. f3 h5 37. Kf2 Re8 38. Rb5 Rd8 39. Ke2 Nc4 40. Rxb3 Re8+
41. Kf2 Kg7 42. Rb5 Rd8 43. Rc5 Nb2 44. Bc2 Nc4 45. Bb3 h4 46. Bxc4 dxc4 47.
Rxc4 Kh6 48. Ke3 Re8+ 49. Kd3 Rd8 50. Rc5 Kg7 51. d5 Kf6 52. Kd4 Ke7 53. Rc7+
Kf6 54. Rc6+ Ke7 55. Ke5 Re8 56. d6+ Kd7+ 57. Kd5 f6 58. Rc7+ Kd8 59. d7 Re5+
60. Kd6 Rd5+ 61. Kxd5 Kxc7 62. Ke6 Kd8 63. Kxf6 Kxd7 64. Kxg6 Ke6 65. Kg5 Ke5
66. Kxh4 1-0

[Event "C.to Provinciale BI-VC"]
[Site "Santhia' ITA"]
[Date "2011.03.11"]
[Round "2"]
[White "Scarrone, Alberto"]
[Black "Saviano, Sabato"]
[Result "1-0"]
[WhiteElo "1811"]
[BlackElo "1683"]
[PlyCount "77"]
[EventDate "2011.03.04"]

1. d4 d5 2. Nf3 Nf6 3. e3 Bg4 4. Nbd2 e6 5. Be2 Bb4 6. O-O O-O 7. b3 Nc6 8. Bb2
Bd6 9. a3 Ne4 10. Ne5 Bxe2 11. Qxe2 f5 12. f4 Nxd2 13. Qxd2 Nxe5 14. dxe5 Bc5
15. Bd4 Be7 16. Qe2 c5 17. Bb2 Qb6 18. Kh1 a5 19. a4 c4 20. Bd4 Qc6 21. bxc4
dxc4 22. Rfb1 Bd8 23. Rb5 b6 24. Rab1 Ra6 25. c3 Bc7 26. Qf3 Qd7 27. Qb7 Raa8
28. Bxb6 Rfd8 29. h3 Bxb6 30. Qxb6 Qf7 31. Rxa5 Qd7 32. Rxa8 Rxa8 33. a5 Qc8
34. Rb5 Ra6 35. Qc5 Rc6 36. Qb4 Qa6 37. Rb8+ Kf7 38. Rb7+ Ke8 39. Qe7# 1-0

[Event "C.to Provinciale BI-VC"]
[Site "Santhia' ITA"]
[Date "2011.03.11"]
[Round "2"]
[White "Sgaggero, Marco"]
[Black "Penna, Tommaso"]
[Result "0-1"]
[WhiteElo "1368"]
[BlackElo "1810"]
[PlyCount "94"]
[EventDate "2011.03.04"]

1. e4 c5 2. e5 Nc6 3. Nf3 Qc7 4. Qe2 e6 5. d3 Nge7 6. Nc3 Ng6 7. Nb5 Qa5+ 8.
Nc3 Nd4 9. Qd1 Nxf3+ 10. Qxf3 Nxe5 11. Qd1 d5 12. Bd2 Qd8 13. Bf4 Bd6 14. Nb5
Nxd3+ 15. Bxd3 Bxf4 16. b3 a6 17. Nc3 Qa5 18. O-O Qxc3 19. g3 Be5 20. Rb1 Bd7
21. a4 Bc6 22. Re1 Bc7 23. Re2 Qf6 24. Rc1 h5 25. Qf1 h4 26. Qh3 O-O-O 27. Qf1
hxg3 28. fxg3 Qh6 29. c3 Bb6 30. c4 dxc4 31. Bxc4 Rd2 32. Rc2 Rxc2 33. Rxc2
Qe3+ 34. Rf2 Bc7 35. Qe2 Qxg3+ 36. Kf1 Qh3+ 37. Kg1 Qg3+ 38. Kf1 Rxh2 39. Bxe6+
fxe6 40. Qxe6+ Kb8 41. Rf8+ Ka7 42. Qc8 Qg2+ 43. Ke1 Ba5+ 44. b4 Bxb4+ 45. Kd1
Bxa4+ 46. Kc1 Rh1+ 47. Rf1 Qc2# 0-1

[Event "C.to Provinciale BI-VC"]
[Site "Santhia' ITA"]
[Date "2011.03.11"]
[Round "2"]
[White "Siclari, Giovanni"]
[Black "Bardone, Lorenzo"]
[Result "1-0"]
[WhiteElo "1902"]
[BlackElo "1789"]
[PlyCount "89"]
[EventDate "2011.03.04"]

1. f4 g6 2. Nf3 Bg7 3. d3 Nc6 4. g3 d6 5. Bg2 e5 6. Nc3 Nf6 7. O-O O-O 8. e4
exf4 9. Bxf4 Re8 10. Qd2 d5 11. exd5 Nxd5 12. Nxd5 Qxd5 13. c3 Bf5 14. Ne5 Qc5+
15. d4 Qb6 16. Nxc6 bxc6 17. Rfe1 Rad8 18. b4 Rxe1+ 19. Rxe1 Be6 20. a4 a5 21.
Be3 axb4 22. d5 bxc3 23. Qc1 Bd4 24. dxe6 Bxe3+ 25. Qxe3 Qxe3+ 26. Rxe3 Rd1+
27. Kf2 c2 28. Rc3 c1=Q 29. Rxc1 Rxc1 30. e7 Rc2+ 31. Ke1 Rxg2 32. e8=Q+ Kg7
33. Qe5+ Kg8 34. Qxc7 Rxh2 35. a5 Ra2 36. Qb6 Ra1+ 37. Kf2 Ra2+ 38. Kf3 Ra3+
39. Kg2 Ra2+ 40. Kh3 h5 41. a6 g5 42. a7 g4+ 43. Kh4 Rh2+ 44. Kg5 Kg7 45. Qd4+
1-0

[Event "C.to Provinciale BI-VC"]
[Site "Santhia' ITA"]
[Date "2011.03.11"]
[Round "2"]
[White "Squara, Marco"]
[Black "Ubezio, Marco"]
[Result "1/2-1/2"]
[WhiteElo "1810"]
[BlackElo "2131"]
[PlyCount "73"]
[EventDate "2011.03.04"]

1. d4 Nf6 2. c4 e6 3. Nc3 Bb4 4. Qc2 O-O 5. a3 Bxc3+ 6. Qxc3 b5 7. cxb5 c6 8.
Nf3 cxb5 9. e3 Qb6 10. Qc5 Ba6 11. Qxb6 axb6 12. b4 Rc8 13. Bb2 Ne4 14. Bd3 Bb7
15. Bxe4 Bxe4 16. Rc1 Na6 17. Kd2 Kf8 18. Rxc8+ Rxc8 19. Rc1 Rxc1 20. Bxc1 f6
21. Ne1 Nc7 22. f3 Bb1 23. e4 Ke7 24. Kc3 Ba2 25. Bf4 d6 26. Nd3 Bc4 27. Bg3 h6
28. Bf2 d5 29. e5 f5 30. h4 g6 31. Be3 Bxd3 32. Kxd3 h5 33. Bd2 Na6 34. Ke3 Kf7
35. Kf2 Nb8 36. Bg5 Nc6 37. Ke3 1/2-1/2

[Event "C.to Provinciale BI-VC"]
[Site "Santhia' ITA"]
[Date "2011.03.11"]
[Round "2"]
[White "Tibaldeschi, Attilio"]
[Black "Zannoni, Gianni"]
[Result "1-0"]
[WhiteElo "1726"]
[BlackElo "1815"]
[PlyCount "89"]
[EventDate "2011.03.04"]

1. Nf3 Nf6 2. b3 g6 3. Bb2 Bg7 4. e3 O-O 5. Be2 d6 6. O-O c5 7. d4 b6 8. Nbd2
Bb7 9. c4 e6 10. Rc1 Nbd7 11. a3 Ne4 12. Rc2 Ndf6 13. h3 Rc8 14. Bd3 cxd4 15.
exd4 Nxd2 16. Nxd2 Nh5 17. Be4 d5 18. Bf3 Nf4 19. Kh2 Qc7 20. g3 Nd3 21. Bc3 e5
22. dxe5 Nxe5 23. Be2 Qd6 24. Bb4 Qc6 25. Bxf8 dxc4 26. Rg1 Bxf8 27. Nxc4 b5
28. Ne3 Qe6 29. Rxc8 Bxc8 30. g4 Bxa3 31. Qd5 Qf6 32. Rf1 Bd7 33. f4 Bc6 34.
Qxe5 Qd8 35. Qc3 Qd6 36. Kg3 Bb4 37. Qd3 Qb8 38. Bf3 Bxf3 39. Rxf3 g5 40. Qf5
gxf4+ 41. Rxf4 Be1+ 42. Kf3 Qb7+ 43. Nd5 Bd2 44. Re4 Qb8 45. Re8+ 1-0

[Event "C.to Provinciale BI-VC"]
[Site "Santhia' ITA"]
[Date "2011.03.18"]
[Round "3"]
[White "Avetta, Gianmario"]
[Black "Costantino, Gian Franco"]
[Result "1-0"]
[WhiteElo "1733"]
[BlackElo "1741"]
[PlyCount "101"]
[EventDate "2011.03.04"]

1. d4 f5 2. g3 Nf6 3. Bg2 g6 4. e3 Bg7 5. c4 O-O 6. Ne2 d6 7. O-O Qe8 8. Nbc3
c6 9. b4 Ne4 10. Qb3 Nxc3 11. Nxc3 e5 12. d5 f4 13. exf4 exf4 14. Bxf4 Rxf4 15.
gxf4 Qf7 16. Rae1 Qxf4 17. Re8+ Kf7 18. Ne2 Qg4 19. Qe3 Be5 20. Rxe5 dxe5 21.
Qxe5 Qxc4 22. Qc7+ Bd7 23. Qxb7 Qxe2 24. Qxa8 Qe5 25. Qxa7 cxd5 26. Rd1 Kf6 27.
Qd4 Bc6 28. Qb6 Kg7 29. b5 Bd7 30. a4 Be6 31. Qd4 Kf6 32. b6 Qxd4 33. Rxd4 Ke5
34. Rd1 Nc6 35. Rc1 Kd6 36. Bf1 Na5 37. Ba6 Nc6 38. Kg2 d4 39. b7 Bd5+ 40. f3
Nb8 41. Bd3 Bxb7 42. Rb1 Kc7 43. a5 Nc6 44. a6 Ba8 45. Be4 d3 46. Bxd3 Nb8 47.
Kg3 Nd7 48. Be4 Bxe4 49. fxe4 Nc5 50. a7 Nxe4+ 51. Kf4 1-0

[Event "C.to Provinciale BI-VC"]
[Site "Santhia' ITA"]
[Date "2011.03.18"]
[Round "3"]
[White "Bardone, Lorenzo"]
[Black "Sgaggero, Marco"]
[Result "1-0"]
[WhiteElo "1789"]
[BlackElo "1368"]
[PlyCount "123"]
[EventDate "2011.03.04"]

1. e4 e5 2. Nf3 Nc6 3. Bb5 d6 4. d4 Bg4 5. d5 a6 6. Bxc6+ bxc6 7. dxc6 Ne7 8.
Nc3 Nxc6 9. Be3 Nb4 10. Rc1 c5 11. O-O Be7 12. h3 Bxf3 13. Qxf3 Bg5 14. a3 Bxe3
15. fxe3 O-O 16. axb4 cxb4 17. Nd5 f6 18. Qg4 a5 19. Rf3 Rf7 20. Rcf1 Qc8 21.
Qxc8+ Rxc8 22. R3f2 Rc4 23. Ra1 h6 24. Rxa5 Rxe4 25. Rb5 Ra7 26. Rxb4 Rxb4 27.
Nxb4 Ra4 28. c3 g5 29. Rxf6 Ra1+ 30. Kh2 Kg7 31. Rxd6 Re1 32. Nd5 Rd1 33. Rd7+
Kf8 34. Nf6 Rb1 35. Rb7 Rd1 36. c4 Rf1 37. Nd5 Rd1 38. b4 Rc1 39. Rc7 e4 40. b5
Ke8 41. b6 Rb1 42. b7 Kd8 43. Rc8+ Kd7 44. b8=Q Rxb8 45. Rxb8 Kc6 46. Rb5 h5
47. Nc3 h4 48. Nxe4 g4 49. hxg4 h3 50. Kxh3 Kc7 51. Rd5 Kc6 52. Kg3 Kb6 53. Rc5
Kb7 54. g5 Kb6 55. g6 Kb7 56. g7 Kb6 57. g8=Q Kb7 58. Qf7+ Kb6 59. Qe6+ Kb7 60.
Qc6+ Ka7 61. Ra5+ Kb8 62. Ra8# 1-0

[Event "C.to Provinciale BI-VC"]
[Site "Santhia' ITA"]
[Date "2011.03.18"]
[Round "3"]
[White "Borghi, Dario"]
[Black "Posadinu, Mauro"]
[Result "0-1"]
[WhiteElo "1404"]
[BlackElo "1413"]
[PlyCount "66"]
[EventDate "2011.03.04"]

1. e4 c6 2. Nc3 d5 3. exd5 cxd5 4. d4 Nf6 5. Bb5+ Nbd7 6. Bg5 e6 7. a3 Be7 8.
Nf3 O-O 9. Bxd7 Bxd7 10. O-O a5 11. Ne5 h6 12. Nxd7 Qxd7 13. Be3 b5 14. a4 b4
15. Nb5 Rfc8 16. c3 Ne4 17. Rc1 Rc4 18. Qg4 Kh8 19. Bf4 Rac8 20. cxb4 Bxb4 21.
b3 Rc2 22. f3 f5 23. Qg6 Nd2 24. Rxc2 Rxc2 25. Rd1 Nxb3 26. Rd3 Nc1 27. Re3 Re2
28. Kf1 Rxe3 29. Bxe3 Qc8 30. Kf2 Qc2+ 31. Kg3 f4+ 32. Kxf4 Qxg6 33. Bxc1 Qg5#
0-1

[Event "C.to Provinciale BI-VC"]
[Site "Santhia' ITA"]
[Date "2011.03.18"]
[Round "3"]
[White "Caldi, Mario"]
[Black "Redamante, Marzio"]
[Result "1-0"]
[WhiteElo "1862"]
[BlackElo "1497"]
[PlyCount "57"]
[EventDate "2011.03.04"]

1. e4 g6 2. d4 Bg7 3. Nf3 e6 4. Nc3 b6 5. Bd3 Bb7 6. O-O Ne7 7. Bg5 d5 8. exd5
exd5 9. Re1 f6 10. Bh4 O-O 11. Qe2 Re8 12. Qe6+ Kh8 13. Bxf6 Bxf6 14. Qxf6+ Kg8
15. Ng5 Rf8 16. Qe6+ Kg7 17. Qe5+ Kh6 18. Ne6 Nf5 19. Nxd8 Nd7 20. Qxc7 Raxd8
21. Bxf5 Rxf5 22. Qxd8 Nf6 23. Re3 Ba6 24. Rae1 Kg5 25. Re6 h6 26. h4+ Kg4 27.
Rxf6 Rxf6 28. Qxf6 Bc8 29. Qxg6+ 1-0